LEADER 00888nam0-22003131i-450 001 990003744770403321 005 20221202125440.0 010 $a0-387-90807-2 035 $a000374477 035 $aFED01000374477 035 $a(Aleph)000374477FED01 035 $a000374477 100 $a20001010d1983----km-y0itay50------ba 101 0 $aita 105 $ay-------001yy 200 1 $aSampling With Unequal Probabilities$fK. R. W. Brewer, Muhammad Hanif 210 $aNew York$cSpringer-Verlag$dc1983 215 $ax, 164 p.$ctab.$d23 cm 225 1 $aLecture notes in statistics$v15 610 0 $aCAMPIONAMENTO 676 $a519.52 700 1$aBrewer,$bK. R. w.$0142032 702 1$aHanif,$bMuhammad 801 0$aIT$bUNINA$gRICA$2UNIMARC 901 $aBK 912 $a990003744770403321 996 $aSampling With Unequal Probabilities$9509469 997 $aUNINA DB $aING01 LEADER 01301nam 2200385 450 001 9910818832103321 005 20191122082710.0 010 $a3-8382-7338-9 035 $a(CKB)4100000009183684 035 $a(MiAaPQ)EBC5964028 035 $a(PPN)253200687 035 $a(EXLCZ)994100000009183684 100 $a20191122d2019 uy 0 101 0 $aeng 135 $aurcnu|||||||| 181 $ctxt$2rdacontent 182 $cc$2rdamedia 183 $acr$2rdacarrier 200 10$aMigration as a (geo-)political challenge in the post-Soviet space $eborder regimes, policy choices, visa agendas /$fOlga R. Gulina ; with a foreword by Nils Muiz?nieks 210 1$aStuttgart :$cIbidem-Verlag,$d[2019] 210 4$dİ2019 215 $a1 online resource (146 pages) 225 1 $aSoviet and post-Soviet politics and society ;$v212 410 0$aSoviet and post-Soviet politics and society ;$v212. 607 $aFormer Soviet republics$xEmigration and immigration 676 $a304.80947 700 $aGulina$b Olga R.$01723598 702 $aMuiz?nieks$b Nils 801 0$bMiAaPQ 801 1$bMiAaPQ 801 2$bMiAaPQ 906 $aBOOK 912 $a9910818832103321 996 $aMigration as a (geo-)political challenge in the post-Soviet space$94124989 997 $aUNINA